header

Metal, rock, and jazz (Record no. 241525)

MARC details
000 -LEADER
fixed length control field 01791nam a2200445 a 4500
082 04 - DEWEY DECIMAL CLASSIFICATION NUMBER
Classification number 781.65
100 1# - MAIN ENTRY--AUTHOR NAME
Personal name Berger, Harris M.,
245 10 - TITLE STATEMENT
Title Metal, rock, and jazz
260 ## - PUBLICATION, DISTRIBUTION, ETC. (IMPRINT)
Place of publication Hanover, N.H. :
Name of publisher University Press of New England,
Year of publication c1999.
300 ## - PHYSICAL DESCRIPTION
Number of Pages xiii, 334 p. :
Other physical details ill., maps, music.
490 1# - SERIES STATEMENT
Series statement Music/culture
500 ## - GENERAL NOTE
General note "Wesleyan University Press."
650 #0 - SUBJECT ADDED ENTRY--TOPICAL TERM
Topical Term Musical perception.
Topical Term Music
Topical Term Rock music
Topical Term Rock music
Topical Term Jazz
Topical Term Jazz
Topical Term Music
856 40 - ELECTRONIC LOCATION AND ACCESS
Uniform Resource Identifier http://site.ebrary.com/lib/rucke/Doc?id=10468428

No items available.

© 2026 Rongo University
Contact us: librarian | system librarian | Rongo university